Countries Starting with S in 90 Seconds (with a map) - Statistics

General Stats
  • This quiz has been taken 162 times
  • The average score is 188 of 196
Answers on the Map
Answers color-coded by a green-red scale on the quiz's map according to % correct below.
 
Answer Stats
capital % Correct
xxxx
100%
Sweden
86%
South Korea
85%
South Africa
83%
South Sudan
83%
Sudan
83%
Slovakia
82%
Slovenia
79%
Suriname
79%
Somalia
78%
Spain
78%
Switzerland
78%
Saint Kitts and Nevis
76%
Saint Lucia
73%
Senegal
72%
Saint Vincent and the Grenadines
70%
St Vincent and the Grenadines
70%
Samoa
68%
Seychelles
68%
Sri Lanka
68%
Swaziland
67%
Serbia
66%
Singapore
66%
Syria
64%
Sierra Leone
60%
Solomon Islands
58%
Saudi Arabia
55%
San Marino
54%
São Tomé and Principé
54%
No matching quizzes found
Score Distribution
Percent of People with Each Score
Percentile by Number Answered
Your Score History
You have not taken this quiz